000 00814nam a2200241Ia 4500
003 OSt
005 20220927105317.0
006 a|||||r|||| 00| 0
007 ta
008 220926b |||||||| |||| 00| 0 eng d
024 _a174110
037 _cReference Collections
040 _aRTL
_cRTL
_beng
041 _2eng
_aeng
082 _a"X9(F55):77.4.P, P8/UN"
110 _a"UNITED NATIONS ,ECONOMIC AND SOCIAL COMMISSION FOR ASIA"
_9371591
245 0 _aEnergy security and sustainable development in Asia and the pacific
260 _aBangkok
_bUnited Nation
_c2008
300 _a"xx,216p"
_ccm.
700 _a"UNITED NATIONS ,ECONOMIC AND SOCIAL COMMISSION FOR ASIA"
_9371592
942 _h"X9(F55):77.4.P, P8/UN"
_cCC
999 _c691737
_d691737